00239nam a2200085Ia 4500008004100000100001800041245004000059260004500099260000900144170620s9999 xx 000 0 und d aMishra- R. C. 0aHistory of Education Administration bNew Delhi- A.P.H. Publishing corporation c2007